Improving tax administration in developing countries

Salvato in:
Dettagli Bibliografici
Altri autori: Bird, Richard M., Casanegra de Jantscher, Milka
Natura: Libro
Lingua:inglese
Pubblicazione: Washington, D.C. IMF 1992
Soggetti:
Tags: Aggiungi Tag
Nessun Tag, puoi essere il primo ad aggiungerne!!

MARC

LEADER 00000nam$a2200000$$$4500
001 0020220
005 20240104132543.2
020 |a 1-55775-317-2 
041 0 |a eng 
044 |a US 
245 1 0 |a Improving tax administration in developing countries  |c edited by Richard M. Bird and Milka Casanegra de Jantscher 
264 1 |a Washington, D.C.  |b IMF  |c 1992 
300 |a xii, 403 s. 
610 2 0 |a správa daňová 
610 2 0 |a dane 
610 2 0 |a zdaňovanie 
610 2 0 |a krajiny rozvojové 
610 2 0 |a Latinská Amerika 
610 2 0 |a reformy daňové 
610 2 0 |a politika daňová 
610 2 0 |a dane z príjmov 
610 2 0 |a dane z hodnoty pridanej 
610 2 0 |a technológie informačné 
610 2 0 |a porovnanie medzinárodné 
700 1 |a Bird, Richard M. 
700 1 |a Casanegra de Jantscher, Milka